000 00652nam a2200229 a 4500
001 BRCA_2014
005 20190320203633.0
008 170608s1935----u--a######---#000-0#eng-#
041 _aeng
044 _au
050 4 _aHC106. 3
_b.D68
_c1935
245 1 0 _aThere is one way out
_bby Lewis W. Douglas.
260 _aBoston
_bAtlantic Monthly
_c1935
300 _a46 p.
_c20 cm.
500 _aSon 5 volumenes repetidos.
500 _aRevista inventariada como libro por el Banco de México.
500 _aI5
650 1 4 _aFinanzas
_zEstados Unidos
_96161
651 4 _aEstados Unidos
_xPolítica económica
_96162
902 _aGFM
942 _2lcc
_cB
999 _c1780
_d1780